000 00391nam a2200121Ia 4500
008 200922s9999 xx 000 0 und d
020 _a978-621-406-182-2
100 _aMedallon, Merlita C.
245 _cMerlita C. Medallon, Felix M. Calubaquib
_aMathematics in the modern world/
260 _aManila:
_bMindshapers Co., Inc.
_c2018
300 _ax, 364 pagfes
_c25 cm.
650 _aMathematics
999 _c364415
_d364415